| 000 | 00466nam a2200193Ia 4500 | ||
|---|---|---|---|
| 005 | 20230913092927.0 | ||
| 008 | 131103s9999 xx 000 0 und d | ||
| 020 | _a0-7528-7755-0 | ||
| 040 | _aLoreto College | ||
| 041 | _aEnglish | ||
| 082 |
_aF _bLUD |
||
| 100 | _aLudlum,Robert | ||
| 245 | 4 |
_aThe Ambler warning _cRobert Ludlum |
|
| 260 |
_aLondon _bOrion paperback _c2006 |
||
| 300 | _a481p | ||
| 650 | _aENGLISH FICTION | ||
| 850 | _aLCLIB | ||
| 942 | _cBK | ||
| 999 |
_c19183 _d69662 |
||